[Event "35 Masters 2012"]
[Site "Rennes"]
[Date "2012.04.09"]
[Round "6.8"]
[White "Le Marec, Laura"]
[Black "Ferret-Leger, Gaspard"]
[Result "1/2-1/2"]
[WhiteElo "1665"]
[BlackElo "1811"]
[PlyCount "66"]

1. d4 d5 2. c4 c6 3. Nc3 Nf6 4. Nf3 dxc4 5. e3 b5 6. a4 b4 7. Na2 e6 8. Bxc4
Be7 9. O-O O-O 10. Bd2 a5 11. Ne5 Nfd7 12. f4 Nxe5 13. fxe5 Ba6 14. Rc1 Bxc4
15. Rxc4 Qd5 16. Qc2 Na6 17. Nc1 c5 18. Ne2 cxd4 19. exd4 Qb7 20. Rf3 Rfc8 21.
Rh3 g6 22. Nf4 Rxc4 23. Qxc4 Qe4 24. Nxe6 Qb1+ 25. Bc1 fxe6 26. Qxe6+ Kh8 27.
Rxh7+ Kxh7 28. Qxe7+ Kg8 29. Qe6+ Kf8 30. Qf6+ Kg8 31. Qe6+ Kf8 32. Qf6+ Kg8
33. Qe6+ Kf8 1/2-1/2

[Event "35 Masters 2012"]
[Site "Rennes"]
[Date "2012.04.09"]
[Round "6.9"]
[White "Durand-Le Ludec, Brendan-Bubok"]
[Black "Ruhlmann, Helene"]
[Result "1-0"]
[WhiteElo "1598"]
[BlackElo "1736"]
[PlyCount "33"]

1. e4 g6 2. d4 c6 3. Nc3 Bg7 4. Be3 d5 5. f3 Nh6 6. Qd2 Ng8 7. O-O-O Na6 8.
Nge2 Nf6 9. Bh6 O-O 10. h4 dxe4 11. Nxe4 Nxe4 12. fxe4 Bg4 13. h5 e6 14. Bxg7
Kxg7 15. hxg6 fxg6 16. Qh6+ Kf7 17. Qxh7+ 1-0

[Event "35 Masters 2012"]
[Site "Rennes"]
[Date "2012.04.09"]
[Round "6.10"]
[White "Belouassa, Aurelien"]
[Black "Huard, Herve"]
[Result "1/2-1/2"]
[WhiteElo "1749"]
[BlackElo "1821"]
[PlyCount "88"]

1. d4 Nf6 2. f3 g6 3. e4 d6 4. Be3 Bg7 5. Nc3 Nc6 6. Bc4 e5 7. d5 Ne7 8. Nge2
Nd7 9. Qd2 h6 10. O-O-O a6 11. Ng3 b5 12. Be2 Nb6 13. Nf1 Bd7 14. h4 Qb8 15. g4
Qb7 16. Ng3 Rb8 17. Rdf1 Nc4 18. Bxc4 bxc4 19. Nd1 Nc8 20. c3 Nb6 21. g5 h5 22.
f4 $6 Bg4 (22... exf4 23. Bxf4 O-O) 23. Rf2 exf4 24. Bxf4 Na4 25. Re1 $2 Be5 $2
(25... O-O $1 $19) 26. Bxe5 dxe5 27. Ne3 Qb5 28. Nxg4 hxg4 29. Rh1 Nc5 30. Rg2
Nd3+ 31. Kb1 a5 (31... Qa4 $1 {menace Rxb2+} 32. Qd1 (32. Qe3 Qa3 $3 {et les
Blancs perdent du matériel})) 32. Nf1 a4 33. Ne3 Qc5 (33... Qa6) 34. Nd1 a3 35.
b4 cxb3 $2 36. axb3 (36. Qxd3 bxa2+ 37. Kxa2) 36... Rxb3+ 37. Ka2 Qc4 38. Ka1
O-O 39. h5 Rfb8 40. Ne3 Qxc3+ $4 {il faut garder les Dames !} (40... Qb5 {Il y
a trop de menaces à parer}) 41. Qxc3 Rxc3 42. Nxg4 Nc1 43. Nf6+ Kg7 44. hxg6
Nb3+ 1/2-1/2